000 00499nam a22001817a 4500
005 20240726093449.0
008 240726b |||||||| |||| 00| 0 eng d
020 _a9781119059486
082 _a624.028
_bCHA-A
100 _a Chappell,Eric
245 _aAutodesk InfraWorks 360 and Autodesk InfraWorks 360 LT Essentials /
_cEric Chappell
250 _a2nd ed.
260 _aUSA:
_bWiley;
_c2015.
300 _axx, 341 p. :
_bill;
_c24 cm.
650 _aGraphic design
999 _c36224
_d36224